<?xml version="1.0" encoding="UTF-8"?>
<record
    xmlns:xsi="http://www.w3.org/2001/XMLSchema-instance"
    xsi:schemaLocation="http://www.loc.gov/MARC21/slim http://www.loc.gov/standards/marcxml/schema/MARC21slim.xsd"
    xmlns="http://www.loc.gov/MARC21/slim">

  <leader>01081nam a22002657a 4500</leader>
  <controlfield tag="003">DO-SdBNP</controlfield>
  <controlfield tag="005">20240226144535.0</controlfield>
  <controlfield tag="007">ta</controlfield>
  <controlfield tag="008">210623e2004    dr ||||er|||| 001 s spa d</controlfield>
  <datafield tag="040" ind1=" " ind2=" ">
    <subfield code="a">DO-SdBNP</subfield>
    <subfield code="b">spa</subfield>
    <subfield code="c">BNPHU</subfield>
  </datafield>
  <datafield tag="041" ind1=" " ind2=" ">
    <subfield code="h">spa</subfield>
  </datafield>
  <datafield tag="082" ind1=" " ind2="4">
    <subfield code="a">320.97293</subfield>
    <subfield code="b">V297d</subfield>
    <subfield code="2">22</subfield>
  </datafield>
  <datafield tag="100" ind1="1" ind2=" ">
    <subfield code="a">Vargas Maldonado , Miguel</subfield>
    <subfield code="9">78979</subfield>
  </datafield>
  <datafield tag="245" ind1="1" ind2="3">
    <subfield code="a">Discursos &amp; charlas, 2000-2004 /</subfield>
    <subfield code="c"> Miguel Vargas Maldonado ; compilador, Eulalio Almonte- Rubiera ;  editor, Ram&#xF3;n Calca&#xF1;o.</subfield>
  </datafield>
  <datafield tag="260" ind1=" " ind2=" ">
    <subfield code="a">Santo Domingo : </subfield>
    <subfield code="b">Secretar&#xED;a de Estado de Obras P&#xFA;blicas y Comunicaciones.</subfield>
    <subfield code="c"> 2004.</subfield>
  </datafield>
  <datafield tag="300" ind1=" " ind2=" ">
    <subfield code="a">382 p. ;</subfield>
    <subfield code="c">24 cm.</subfield>
  </datafield>
  <datafield tag="590" ind1=" " ind2=" ">
    <subfield code="a">Inventariado, 2021 /MF</subfield>
  </datafield>
  <datafield tag="600" ind1="1" ind2="4">
    <subfield code="a">Vargas Maldonado, Miguel,</subfield>
    <subfield code="d">1957-</subfield>
    <subfield code="v">Ensayos, conferencias, etc.</subfield>
    <subfield code="9">79288</subfield>
  </datafield>
  <datafield tag="651" ind1=" " ind2="4">
    <subfield code="a">Rep&#xFA;blica Dominicana</subfield>
    <subfield code="x">Pol&#xED;tica y gobierno</subfield>
    <subfield code="v">Ensayos, conferencias, etc.</subfield>
    <subfield code="9">205</subfield>
  </datafield>
  <datafield tag="651" ind1=" " ind2="4">
    <subfield code="a">Rep&#xFA;blica Dominicana</subfield>
    <subfield code="x">Obras p&#xFA;blicas </subfield>
    <subfield code="v">Ensayos, conferencias, etc.</subfield>
    <subfield code="9">79289</subfield>
  </datafield>
  <datafield tag="700" ind1="1" ind2="2">
    <subfield code="a">Almonte - Rubiera, Eulalio,</subfield>
    <subfield code="e">comp.</subfield>
    <subfield code="9">78981</subfield>
  </datafield>
  <datafield tag="700" ind1="1" ind2="2">
    <subfield code="a">Calca&#xF1;o, Ram&#xF3;n </subfield>
    <subfield code="e">ed.</subfield>
    <subfield code="9">78982</subfield>
  </datafield>
  <datafield tag="910" ind1=" " ind2=" ">
    <subfield code="a">Validado. Control de calidad MFF</subfield>
  </datafield>
  <datafield tag="942" ind1=" " ind2=" ">
    <subfield code="2">ddc</subfield>
    <subfield code="c">LBS1</subfield>
  </datafield>
  <datafield tag="952" ind1=" " ind2=" ">
    <subfield code="0">0</subfield>
    <subfield code="1">0</subfield>
    <subfield code="2">ddc</subfield>
    <subfield code="5">1</subfield>
    <subfield code="7">1</subfield>
    <subfield code="8">PD</subfield>
    <subfield code="a">BNPHU</subfield>
    <subfield code="b">PD</subfield>
    <subfield code="c">HD</subfield>
    <subfield code="d">2018-07-23</subfield>
    <subfield code="e">Donado por CERTV</subfield>
    <subfield code="l">0</subfield>
    <subfield code="o">BNPHU PD 320.97293 V297d</subfield>
    <subfield code="p">2021-2222</subfield>
    <subfield code="r">2021-06-23</subfield>
    <subfield code="w">2021-06-23</subfield>
    <subfield code="y">LFPD</subfield>
  </datafield>
  <datafield tag="999" ind1=" " ind2=" ">
    <subfield code="c">49991</subfield>
    <subfield code="d">49991</subfield>
  </datafield>
</record>
